|
|
|
|
| LEADER |
00000ny a22000003n 4500 |
| 005 |
20110615130114.0 |
| 008 |
010827s2000 sp 001 spa c |
| 017 |
|
|
|a M2283-2001
|
| 020 |
|
|
|a 848004456X
|
| 035 |
|
|
|a 419
|
| 040 |
|
|
|a UMA.DER
|d vLex
|
| 040 |
|
|
|a UMA.RE
|d vLex
|
| 080 |
|
|
|a 347.77
|
| 090 |
|
|
|c 708
|d 708
|
| 245 |
0 |
0 |
|a Propiedad industrial teora̕ y prc̀tica
|h [Recurso electrn̤ico]
|c Xavier O'Callaghan Muǫz ... [et.al]
|
| 256 |
|
|
|a Servicio en ln̕ea
|
| 260 |
|
|
|a Madrid :
|b Centro de estudios Ramn̤ Areces,
|c D.L. 2001
|
| 300 |
|
|
|a XIX, 941 p. ;
|c 25 cm
|
| 504 |
|
|
|a Índices
|
| 506 |
1 |
|
|a Contenido solo disponible en los productos indicados
|d vLex Global
|d vLex Global (Academic Edition, excluding Law Schools)
|d vLex Global (U.S. Academic Edition, Law Schools)
|d vLex Global (U.S. Academic Edition, excluding Law Schools)
|d vLex Global (Academic Edition, Law Schools)
|
| 650 |
0 |
7 |
|a Propiedad industrial
|2 Tesauro vLex
|
| 650 |
0 |
7 |
|a Civil
|2 Tesauro vLex
|
| 700 |
1 |
|
|a O'Callaghan Muǫz, Xavier
|
| 740 |
0 |
|
|a vLex Libros (Servicios en ln̕ea)
|
| 856 |
4 |
0 |
|u http://vlex.com/source/419
|z Acceso restringido
|
| 942 |
|
|
|c BOOK
|
| 999 |
0 |
|
|a Civil Law
|b Madrid
|